000 00350nam a2200145Ia 4500
008 230312s9999||||xx |||||||||||||| ||und||
020 _a1899287582
082 _a7936.8
_bDAV-G
100 _aSimpson;Ted
245 0 _aProfessional Lab Manual
260 _bPerpecuity press
_aUK
_c2001
300 _a106
650 _aComputer
_vComputer
942 _cBK
999 _c15460
_d15460